LEADER 01353nam0-22003731i-450- 001 990005462940403321 005 20121004185126.0 035 $a000546294 035 $aFED01000546294 035 $a(Aleph)000546294FED01 035 $a000546294 100 $a19990604d1949----km-y0itay50------ba 101 0 $aita 102 $aIT 105 $ay-------001yy 200 1 $a<>istituto parlamentare in Italia dalle origini al 1500$fAntonio Marongiu$gprefazione di S.E. il Presidente del Senato Ivanoe Bonomi 210 $aRoma$cStab Tip. San Barbara$d1949 215 $aXV, 326 p.$d25 cm 225 1 $aÉtudes presentées à la Commission internationale pour l'histoire des assemblées d'états$v9 300 $aIn testa al front.: Senato della Repubblica, pubblicazione commemorativa nel centenario del Parlamento italiano, 1848-1948 676 $a328.45$v21$zita 700 1$aMarongiu,$bAntonio$0152871 702 1$aBonomi,$bIvanoe$f<1873-1951> 801 0$aIT$bUNINA$gRICA$2UNIMARC 901 $aBK 912 $a990005462940403321 952 $aPUB-83$b6131 DIP.$fDDRC 952 $a328.45 MAR 1$bST.MED.MOD. 6713$fFLFBC 952 $aI F 64$b30114$fFGBC 952 $aBibl. Solazzi V 21$b63929$fFGBC 959 $aFLFBC 959 $aFGBC 996 $aIstituto parlamentare in Italia dalle origini al 1500$9588405 997 $aUNINA LEADER 01889nam0 22003733i 450 001 PUV0190271 005 20251003044311.0 020 $aIT$b6412692 100 $a19940922d1964 ||||0itac50 ba 101 | $aita 102 $ait 181 1$6z01$ai $bxxxe 182 1$6z01$an 200 1 $aAspetti della riforma del bilancio dello Stato e della pubblica contabilità$eatti del 7. Convegno di studi di politica economica e finanziaria, Napoli, 16-17 febbraio 1963 210 $aMilano$cA. Giuffrè$d1964 215 $aXVI, 226 p.$d23 cm. 225 | $aCentro italiano di studi finanziari$v2 410 0$1001SBL0251058$12001 $aCentro italiano di studi finanziari$v2$171202$aCentro italiano di studi finanziari$3CFIV138886 606 $aBilanci statali$xItalia$2FIR$3CFIC251344$9N 606 $aContabilità di Stato$2FIR$3CFIC002627$9I 676 $a343.034$9IMPOSTAZIONE DEL BILANCIO E SPESA PUBBLICA$v23 676 $a350$9$v12 696 $aBilancio statale$aBilanci dello Stato 699 $aBilanci statali$zBilancio statale 699 $aBilanci statali$yBilanci dello Stato 710 12$aConvegno di studi di politica economica e finanziaria$d <7.$f ; 1963$e ; Napoli>$3SBLV149001$4070$0409479 801 3$aIT$bIT-000000$c19940922 850 $aIT-BN0095 901 $bNAP 01$cPOZZO LIB.$nVi sono collocati fondi di economia, periodici di ingegneria e scienze, periodici di economia e statistica e altri fondi comprendenti documenti di economia pervenuti in dono. 912 $aPUV0190271 950 0$aBiblioteca Centralizzata di Ateneo$c1 v.$d 01POZZO LIB.F. PARRAVICINI 664$e 0101 0600166395E VMA 1 v. (Precedente collocazione P. 783)$fB $h20050930$i20231123 977 $a 01 996 $aAspetti della riforma del bilancio dello stato e della pubblica contabilità$935234 997 $aUNISANNIO LEADER 01341nam0 22003373i 450 001 PUV1135828 005 20251003044317.0 010 $a047127402X$bpbk 010 $a9780471274025 100 $a20111202d2005 ||||0itac50 ba 101 | $aeng 102 $aus 181 1$6z01$ai $bxxxe 182 1$6z01$an 200 1 $aCreating more effective graphs$fNaomi B. Robbins 210 $aHoboken (N.J.)$cWiley-Interscience$dc2005 215 $aXVIII, 402 p.$d23 cm. 606 $aStatistica$xMetodi grafici$2FIR$3SBLC025197$9I 676 $a519.502$9STATISTICA MATEMATICA. Miscellanea$v14 676 $a519.5021$9STATISTICA MATEMATICA. Materiali tabulari e affini$v22 696 $aScienze statistiche 699 $aStatistica$yScienze statistiche 700 1$aRobbins$b, Naomi B.$f <1937- >$3MILV326012$0614423 801 3$aIT$bIT-000000$c20111202 850 $aIT-BN0095 901 $bNAP 01$cTEDASS $nex Centro interdipartimentale sulle alte tecnologie per la diagnostica ambientale e lo sviluppo sostenibile 912 $aPUV1135828 950 0$aBiblioteca Centralizzata di Ateneo$b1 v.$c1 v.$d 01TEDASS 519.502 ROB.cr$e 0102 0000089565 VMA A4 1 v.$fY $h20111104$i20111202 977 $a 01 996 $aCreating more effective graphs$91131071 997 $aUNISANNIO LEADER 01714nas 2200481-a 450 001 9910390535703321 005 20240919213020.0 011 $a2547-2623 035 $a(CKB)110978978190748 035 $a(CONSER)---85649027- 035 $a(EXLCZ)99110978978190748 100 $a19850313a19uu9999 -a- b 101 0 $afre 181 $ctxt$2rdacontent 182 $cc$2rdamedia 183 $acr$2rdacarrier 200 00$aConnaissance des temps /$fBureau des longitudes 210 $aParis $cService hydrographique et océanographique de la marine 215 $a1 online resource 300 $a"Ephémérides astronomiques pour l'an." 300 $aPublisher: EDP Sciences, <2003-> 311 08$aPrint version: Connaissance des temps / 0181-3048 (DLC) 85649027 (OCoLC)11800430 517 1 $aÉphemerides astronomiques pour ... 517 1 $aAstronomical ephemerides for ... 531 0 $aConnaiss. temp. 606 $aEphemerides$vPeriodicals 606 $aÉphémérides (Astronomie)$vPériodiques 606 $aEphemerides$2fast$3(OCoLC)fst00913680 608 $aPeriodicals.$2fast 608 $aPeriodicals.$2lcgft 615 0$aEphemerides 615 6$aÉphémérides (Astronomie) 615 7$aEphemerides. 676 $a528/.05 712 02$aFrance.$bBureau des longitudes. 712 02$aFrance.$bService hydrographique et oce?anographique de la marine. 712 02$aFrance.$bService des calculs et de me?canique ce?leste. 712 02$aFrance.$bInstitut de me?canique ce?leste et de calcul des e?phe?me?rides. 906 $aJOURNAL 912 $a9910390535703321 920 $aexl_impl conversion 996 $aConnaissance des temps$92439543 997 $aUNINA